The design of roundabout/ (Record no. 547409)

000 -LEADER
fixed length control field 00353nam a22001337a 4500
082 ## - DEWEY DECIMAL CLASSIFICATION NUMBER
Classification number 725.725
Author Mark BRO
-- L-38, P-41
100 ## - MAIN ENTRY--PERSONAL NAME
Personal name Mike, brown.
9 (RLIN) 43607
245 ## - TITLE STATEMENT
Title The design of roundabout/
Statement of responsibility, etc. Brown, Mike.
260 ## - PUBLICATION, DISTRIBUTION, ETC.
Place of publication, distribution, etc. London.
Name of publisher, distributor, etc. HMSO Pub.
300 ## - PHYSICAL DESCRIPTION
Extent 270 p.
Other physical details ill.
526 ## - STUDY PROGRAM INFORMATION NOTE
Program name 0
Interest level 0
Reading level 0
Title point value 725_725000000000000_BRO
650 ## - SUBJECT ADDED ENTRY--TOPICAL TERM
Topical term or geographic name entry element MCE
9 (RLIN) 379
942 ## - ADDED ENTRY ELEMENTS (KOHA)
Source of classification or shelving scheme
Koha item type Book
Holdings
Withdrawn status Lost status Source of classification or shelving scheme Damaged status Not for loan Permanent Location Current Location Date acquired Total Checkouts Full call number Barcode Date last seen Price effective from Koha item type
          Military College of Engineering (MCE) Military College of Engineering (MCE) 07/14/2014   725.725 BRO MCE-29614 07/14/2014 07/14/2014 Book
© 2023 Central Library, National University of Sciences and Technology. All Rights Reserved.